Call of Duty 4: Modern Warfare: All Campaign Missions - Statistics

General Stats
  • This quiz has been taken 67 times
  • The average score is 13 of 21
Answer Stats
Act Mission Character % Correct
Epilogue Mile High Club One-One Operative
80%
Act II All Ghillied Up Captain Price
78%
Prologue F.N.G. Soap MacTavish
76%
Act I Death From Above Thermal Imaging TV Operator
73%
Act II One Shot, One Kill Captain Price
73%
Act I Charlie Don't Surf Sgt. Paul Jackson
67%
Prologue Crew Expendable Soap MacTavish
67%
Prologue The Coup President Al-Fulani
67%
Act III No Fighting In The War Room Soap MacTavish
65%
Act I War Pig Sgt. Paul Jackson
65%
Act II Heat Soap MacTavish
61%
Act I Aftermath Sgt. Paul Jackson
59%
Act III Game Over Soap MacTavish
59%
Act I Hunted Soap MacTavish
59%
Act I The Bog Sgt. Paul Jackson
59%
Act I Blackout Soap MacTavish
57%
Act II Safehouse Soap MacTavish
55%
Act I Shock and Awe Sgt. Paul Jackson
55%
Act II The Sins of the Father Soap MacTavish
51%
Act III Ultimatum Soap MacTavish
51%
Act III All In Soap MacTavish
47%
No matching quizzes found
Score Distribution
Percent of People with Each Score
Percentile by Number Answered
Your Score History
You have not taken this quiz